[Event "zonal 1.2a"]
[Site "Graz AUT"]
[Date "1993.03.??"]
[Round "6"]
[White "Gostisa, Leon"]
[Black "Schroll, Gerhard"]
[Result "1-0"]
[WhiteElo "2460"]
[BlackElo "2420"]
[EventDate "1993.03.09"]
[PlyCount "96"]

1.d4 Nf6 2.Nf3 e6 3.g3 c5 4.Bg2 Qa5+ 5.Nbd2 cxd4 6.O-O Nc6 7.Nb3 Qb6 8.
Nfxd4 Nxd4 9.Qxd4 Qxd4 10.Nxd4 Bc5 11.Nb3 Bb6 12.c4 d6 13.Bd2 Ke7 14.Rfd1 
Rd8 15.Bb4 a5 16.Bc3 Ra7 17.Rd2 Bd7 18.Rad1 Ba4 19.h3 Rd7 20.Rc1 Bxb3 21.
axb3 Bc5 22.Ra1 b6 23.Ra4 Rac7 24.e3 Rd8 25.Rd1 Rdc8 26.Kf1 e5 27.Ke2 Nd7 
28.Raa1 Nb8 29.f4 f6 30.Be4 h6 31.Kf3 Nc6 32.Be1 Rf8 33.f5 Rb8 34.Rdc1 Rh8
35.Bxc6 Rxc6 36.b4 Bxb4 37.Bxb4 axb4 38.Ra7+ Kd8 39.Rxg7 Rc7 40.Ra1 Rxg7 
41.Ra8+ Kc7 42.Rxh8 Kc6 43.Rxh6 Ra7 44.Rxf6 Ra2 45.Rf8 Rxb2 46.f6 Rb1 47.
f7 Rf1+ 48.Kg2 b3 1-0

[Event "zonal 1.2a"]
[Site "Graz AUT"]
[Date "1993.03.??"]
[Round "6"]
[White "Holzl, Franz"]
[Black "Grosar, Aljosa"]
[Result "1/2-1/2"]
[WhiteElo "2385"]
[BlackElo "2480"]
[EventDate "1993.03.09"]
[PlyCount "126"]

1.c4 Nf6 2.Nf3 c5 3.g3 d5 4.Bg2 Nc6 5.O-O g6 6.d4 dxc4 7.Ne5 Bd7 8.Nxd7 
Qxd7 9.dxc5 Qxd1 10.Rxd1 Nd7 11.Na3 Bg7 12.Nxc4 Nxc5 13.Be3 Ne6 14.Rac1 
Ned4 15.Kf1 Rb8 16.b3 O-O 17.Bxd4 Nxd4 18.e3 Nb5 19.Rd7 Nc3 20.Bxb7 Nxa2 
21.Rcd1 e6 22.e4 Nb4 23.Kg2 Rfe8 24.f4 Bf8 25.e5 Re7 26.Bf3 Nd5 27.Rxe7 
Bxe7 28.Bxd5 exd5 29.Ne3 Rxb3 30.Nxd5 Kf8 31.Rc1 Rb7 32.Kf3 h5 33.Ke4 Kg7 
34.Rc6 Bf8 35.Rc8 a5 36.Ra8 Bb4 37.f5 gxf5+ 38.Kxf5 Rb5 39.Nf4 Bc3 40.
Nxh5+ Kh7 41.Nf6+ Kg7 42.Ng4 Rb1 43.Rc8 Rf1+ 44.Ke4 Bb2 45.Ra8 Ra1 46.Rb8 
Bc3 47.Kd3 Ra3 48.Kc2 a4 49.Rb6 Bd4 50.Ra6 Ra2+ 51.Kd3 Bb2 52.h4 Ra1 53.h5
a3 54.h6+ Kh7 55.Ra7 a2 56.Kc2 Bd4 57.Rxf7+ Kg6 58.Rg7+ Kf5 59.Kb3 Bxe5 
60.Nxe5 Kxe5 61.Rg5+ Kf6 62.Rh5 Rb1+ 63.Kxa2 Rb8 1/2-1/2

[Event "zonal 1.2a"]
[Site "Graz AUT"]
[Date "1993.03.??"]
[Round "6"]
[White "Lutz, Christopher"]
[Black "Wach, Markus"]
[Result "1/2-1/2"]
[WhiteElo "2550"]
[BlackElo "2330"]
[EventDate "1993.03.09"]
[PlyCount "161"]

1.d4 f5 2.g3 Nf6 3.Bg2 e6 4.c4 Be7 5.Nf3 O-O 6.O-O Ne4 7.b3 Bf6 8.Bb2 b6 
9.Nbd2 Bb7 10.Ne5 Qc8 11.Nxe4 Bxe4 12.Bxe4 fxe4 13.Qc2 d5 14.Rac1 Bxe5 15.
dxe5 c5 16.b4 Na6 17.bxc5 bxc5 18.Ba3 Rf7 19.cxd5 exd5 20.Qa4 Rc7 21.f4 
exf3 22.exf3 Qe6 23.f4 g6 24.Qc2 Rf8 25.Qe2 h5 26.Qd3 Rff7 27.Rf2 Rc8 28.
Kg2 c4 29.Qd4 Nc7 30.Rb2 Qc6 31.Qc5 Qxc5 32.Bxc5 Ne6 33.Bg1 d4 34.Rd2 c3 
35.Rdd1 Rd7 36.Rd3 Rc4 37.Kf3 Nc5 38.Rxd4 Rdxd4 39.Bxd4 Rxd4 40.Rxc3 Rd5 
41.Ke3 Kf7 42.h3 Ke6 43.Ra3 a6 44.Rc3 h4 45.gxh4 Kf5 46.Ra3 Rd1 47.Ra5 
Rd3+ 48.Ke2 Rc3 49.Kd2 Rc4 50.Ke3 Re4+ 51.Kd2 Ne6 52.Rxa6 Rxf4 53.Ra3 Kxe5
54.h5 g5 55.Ke3 Rh4 56.Kf2 Nc5 57.Ra5 Kd4 58.Kg2 Rxh5 59.Ra8 Ke3 60.a4 Rh6
61.a5 Kf4 62.Rf8+ Ke5 63.Rf1 Rh4 64.Ra1 Na6 65.Kg3 Rb4 66.Ra3 Kf5 67.Rf3+ 
Kg6 68.Ra3 Kh5 69.Ra1 Rb3+ 70.Kg2 Rc3 71.Kh2 Rc6 72.Ra3 Nb8 73.Kg3 Na6 74.
Ra4 Rc3+ 75.Kg2 Nc5 76.Ra2 Ne6 77.a6 Nf4+ 78.Kh2 Rxh3+ 79.Kg1 Rg3+ 80.Kh2 
Rh3+ 81.Kg1 1/2-1/2

[Event "zonal 1.2a"]
[Site "Graz AUT"]
[Date "1993.03.??"]
[Round "6"]
[White "Schlosser, Philipp"]
[Black "Frick, Renato"]
[Result "1-0"]
[WhiteElo "2520"]
[BlackElo "2220"]
[EventDate "1993.03.09"]
[PlyCount "57"]

1.d4 Nf6 2.Nf3 g6 3.c4 Bg7 4.g3 d6 5.Bg2 O-O 6.O-O c6 7.Nc3 Bf5 8.b3 Ne4 
9.Bb2 Nxc3 10.Bxc3 Be4 11.Qd2 e5 12.Rad1 Na6 13.dxe5 Bxf3 14.exf3 dxe5 15.
Qb2 Qc7 16.f4 Rfe8 17.Rfe1 f6 18.fxe5 fxe5 19.b4 Re7 20.c5 Rd8 21.Bf1 Rxd1
22.Rxd1 Nb8 23.Rd6 Nd7 24.h4 a5 25.a3 axb4 26.axb4 Qb8 27.Qd2 Qc7 28.Bh3 
Nf6 29.Be6+ 1-0

[Event "zonal 1.2a"]
[Site "Graz AUT"]
[Date "1993.03.??"]
[Round "6"]
[White "Wirthensohn, Heinz"]
[Black "Lau, Ralf"]
[Result "1/2-1/2"]
[WhiteElo "2400"]
[BlackElo "2530"]
[EventDate "1993.03.09"]
[PlyCount "47"]

1.d4 Nf6 2.Nf3 e6 3.g3 c5 4.Bg2 Qa5+ 5.Nbd2 cxd4 6.O-O d5 7.Nxd4 Be7 8.c4 
O-O 9.cxd5 exd5 10.N2b3 Qd8 11.Bg5 h6 12.Bxf6 Bxf6 13.Rc1 Na6 14.e3 Qe7 
15.a3 Rd8 16.Qe2 Bd7 17.Rfd1 Ba4 18.Rd2 g6 19.Qf3 Bg7 20.Bf1 Rd6 21.Bb5 
Bxb3 22.Nxb3 Nc7 23.Bf1 Ne6 24.Bg2 1/2-1/2

[Event "zonal 1.2a"]
[Site "Graz AUT"]
[Date "1993.03.??"]
[Round "6"]
[White "Zuger, Beat"]
[Black "Lendwai, Reinhard"]
[Result "1/2-1/2"]
[WhiteElo "2415"]
[BlackElo "2410"]
[EventDate "1993.03.09"]
[PlyCount "35"]

1.d4 Nf6 2.c4 e5 3.dxe5 Ng4 4.Bf4 g5 5.Bd2 Nc6 6.Nf3 Bc5 7.e3 Ngxe5 8.Nc3 
d6 9.Nd5 a5 10.a3 g4 11.Nxe5 Nxe5 12.Bc3 Bf5 13.b4 Ba7 14.Be2 h5 15.Qd2 
Be4 16.Qb2 f6 17.Nf4 Qe7 18.Bd4 1/2-1/2

[Event "zonal 1.2a"]
[Site "Graz AUT"]
[Date "1993.03.??"]
[Round "7"]
[White "Frick, Renato"]
[Black "Gostisa, Leon"]
[Result "0-1"]
[WhiteElo "2220"]
[BlackElo "2460"]
[EventDate "1993.03.09"]
[PlyCount "92"]

1.e4 c5 2.Nf3 d6 3.d4 cxd4 4.Nxd4 Nf6 5.Nc3 Nc6 6.Bg5 e6 7.Qd2 a6 8.O-O-O 
h6 9.Bf4 Bd7 10.Nxc6 Bxc6 11.f3 d5 12.Qe1 Bb4 13.a3 Ba5 14.b4 Bb6 15.exd5 
Bxd5 16.Na4 Bc7 17.Bxc7 Qxc7 18.Qg3 Qc6 19.Nc5 O-O 20.Qe5 a5 21.Bd3 axb4 
22.axb4 b6 23.Ne4 Bxe4 24.fxe4 Ng4 25.b5 Qc8 26.Qb2 Nf2 27.Rhf1 Nxd1 28.
Kxd1 Qc5 29.Ke2 f5 30.Qb3 Qe5 31.Qb4 Qxh2 32.exf5 exf5 33.Qc4+ Kh8 34.Qc6 
Qh5+ 35.Rf3 Rae8+ 36.Kf2 Rf6 37.Qd7 Qh4+ 38.Kg1 Re1+ 39.Bf1 Qe4 40.Qc8+ 
Kh7 41.Qc3 Qe5 42.Qd3 Re4 43.Rf2 Rf4 44.Qg3 Re4 45.Qd3 Qd4 46.Qf3 Qe3 0-1

[Event "zonal 1.2a"]
[Site "Graz AUT"]
[Date "1993.03.??"]
[Round "7"]
[White "Grosar, Aljosa"]
[Black "Wirthensohn, Heinz"]
[Result "1/2-1/2"]
[WhiteElo "2480"]
[BlackElo "2400"]
[EventDate "1993.03.09"]
[PlyCount "73"]

1.e4 c5 2.Nf3 Nc6 3.d4 cxd4 4.Nxd4 Nf6 5.Nc3 d6 6.f3 e5 7.Nb3 Be7 8.Be3 
Be6 9.Nd5 Bxd5 10.exd5 Nb8 11.Qd2 O-O 12.Be2 a5 13.c4 Nfd7 14.O-O h6 15.g3
a4 16.Nc1 Bg5 17.f4 exf4 18.gxf4 Bf6 19.Rb1 Re8 20.Bf3 Qa5 21.Qxa5 Rxa5 
22.Bf2 Na6 23.Bg4 Nab8 24.Nd3 Bd8 25.Rfe1 Rxe1+ 26.Bxe1 Ra8 27.Bb4 Be7 28.
Re1 Kf8 29.Rc1 Nf6 30.Bf3 Nbd7 31.c5 dxc5 32.Nxc5 Nxc5 33.Bxc5 Bxc5+ 34.
Rxc5 a3 35.b3 Ne8 36.Kf2 Nd6 37.Ke3 1/2-1/2

[Event "zonal 1.2a"]
[Site "Graz AUT"]
[Date "1993.03.??"]
[Round "7"]
[White "Lau, Ralf"]
[Black "Bonsch, Uwe"]
[Result "0-1"]
[WhiteElo "2530"]
[BlackElo "2490"]
[EventDate "1993.03.09"]
[PlyCount "106"]

1.e4 c5 2.Nf3 d6 3.d4 cxd4 4.Nxd4 Nf6 5.Nc3 a6 6.f4 Nbd7 7.Be2 g6 8.O-O 
Bg7 9.Kh1 O-O 10.Bf3 Qc7 11.g4 e5 12.Nde2 exf4 13.g5 Ne8 14.Nxf4 Ne5 15.
Nfd5 Qd8 16.Bg2 Be6 17.a4 Rc8 18.Ra3 Nc4 19.Rb3 Na5 20.Rb4 Rc4 21.Rxc4 
Nxc4 22.Qf3 Ne5 23.Qg3 f6 24.h4 fxg5 25.Rxf8+ Bxf8 26.hxg5 Bg7 27.Bh3 Qd7 
28.Bxe6+ Qxe6 29.Kg2 Nc6 30.Qh3 Qxh3+ 31.Kxh3 Nd4 32.Ne3 Nc7 33.Kg3 Be5+ 
34.Kg4 Nce6 35.Bd2 Kf7 36.Nc4 Nxc2 37.Nxe5+ dxe5 38.a5 Nc5 39.Kf3 Nb3 40.
Nb1 Ncd4+ 41.Ke3 Nc6 42.Bc3 Nbxa5 43.Nd2 b5 44.b3 Ke6 45.Kd3 Nb7 46.b4 a5 
47.bxa5 Nc5+ 48.Kc2 b4 49.Bxb4 Nxb4+ 50.Kc3 Nc6 51.Kc4 Nxe4 52.Nxe4 Nxa5+ 
53.Kd3 Nb7 0-1

[Event "zonal 1.2a"]
[Site "Graz AUT"]
[Date "1993.03.??"]
[Round "7"]
[White "Lendwai, Reinhard"]
[Black "Holzl, Franz"]
[Result "1/2-1/2"]
[WhiteElo "2410"]
[BlackElo "2385"]
[EventDate "1993.03.09"]
[PlyCount "71"]

1.e4 c5 2.Ne2 Nf6 3.Nbc3 d6 4.g3 g6 5.Bg2 Bg7 6.O-O O-O 7.d3 Nc6 8.h3 Ne8 
9.Bg5 Nc7 10.Qd2 Nd4 11.Nxd4 cxd4 12.Nd5 Re8 13.c4 dxc3 14.bxc3 Bd7 15.
Rab1 Nxd5 16.exd5 Qc8 17.Rfc1 b5 18.Kh2 a5 19.c4 Qa6 20.cxb5 Bxb5 21.Rc7 
Rac8 22.Rbc1 Rxc7 23.Rxc7 Bd4 24.Rxe7 Rxe7 25.Bxe7 Qb6 26.Qc1 Bd7 27.Qh6 
Bg7 28.Qf4 Be5 29.Qe3 Bd4 30.Qh6 Bg7 31.Qf4 Be5 32.Qe3 Bd4 33.Qh6 Bg7 34.
Qf4 Be5 35.Qe3 Bd4 36.Qh6 1/2-1/2

[Event "zonal 1.2a"]
[Site "Graz AUT"]
[Date "1993.03.??"]
[Round "7"]
[White "Schroll, Gerhard"]
[Black "Lutz, Christopher"]
[Result "0-1"]
[WhiteElo "2420"]
[BlackElo "2550"]
[EventDate "1993.03.09"]
[PlyCount "122"]

1.d4 f5 2.Nc3 d5 3.Bg5 g6 4.e3 Bg7 5.h4 Nh6 6.Nf3 Nf7 7.Bf4 c6 8.h5 Nd7 9.
hxg6 hxg6 10.Rxh8+ Bxh8 11.Ng5 e5 12.Nxf7 Kxf7 13.dxe5 Nxe5 14.Qd2 Be6 15.
O-O-O Qa5 16.Be2 Nd7 17.Rh1 Bxc3 18.Qxc3 Qxc3 19.bxc3 Kg7 20.Bh6+ Kf6 21.
Bf4 Bg8 22.g4 fxg4 23.Bxg4 Nc5 24.f3 Be6 25.Bxe6 Kxe6 26.Rh7 Rf8 27.Rg7 
Kf6 28.Rh7 Rf7 29.Be5+ Ke6 30.Rxf7 Kxf7 31.Bd6 Na4 32.Kd2 Nb2 33.Bb8 a6 
34.e4 dxe4 35.fxe4 Ke6 36.Ke3 Nc4+ 37.Kd4 Ne5 38.Bc7 g5 39.Ke3 Nc4+ 40.Kd4
Nd6 41.Bd8 Nf7 42.Bc7 Ne5 43.Ke3 c5 44.Bd8 Nf7 45.Bc7 b5 46.Kf3 Ne5+ 47.
Ke2 Nc4 48.Kd3 Na3 49.Bd8 g4 50.Bc7 c4+ 51.Ke3 Nxc2+ 52.Kd2 Na3 53.Kc1 b4 
54.cxb4 Nb5 55.Bb6 Nc3 56.a3 g3 57.Kc2 Nxe4 58.a4 Kd5 59.Be3 Kc6 60.Bg1 g2
61.Be3 Nf6 0-1

[Event "zonal 1.2a"]
[Site "Graz AUT"]
[Date "1993.03.??"]
[Round "7"]
[White "Wach, Markus"]
[Black "Zuger, Beat"]
[Result "1-0"]
[WhiteElo "2330"]
[BlackElo "2415"]
[EventDate "1993.03.09"]
[PlyCount "65"]

1.d4 Nf6 2.c4 g6 3.Nc3 Bg7 4.e4 d6 5.Nf3 Bg4 6.Be2 Bxf3 7.Bxf3 Nfd7 8.Be3 
Nc6 9.d5 Bxc3+ 10.bxc3 Na5 11.Bh6 e5 12.Qa4 b6 13.c5 Qh4 14.Be3 dxc5 15.
Bxc5 Nb7 16.Ba3 Nd6 17.Qc6 Rd8 18.Rb1 O-O 19.Qxc7 Nc5 20.Bxc5 bxc5 21.O-O 
c4 22.Qxa7 f5 23.exf5 gxf5 24.Be2 f4 25.f3 Rf5 26.Rb8 Rf7 27.Qb6 Rff8 28.
Rxd8 Qxd8 29.Rb1 Qe7 30.a4 e4 31.fxe4 Qxe4 32.Bf3 Qe5 33.a5 1-0

[Event "zonal 1.2a"]
[Site "Graz AUT"]
[Date "1993.03.??"]
[Round "8"]
[White "Bonsch, Uwe"]
[Black "Grosar, Aljosa"]
[Result "1/2-1/2"]
[WhiteElo "2490"]
[BlackElo "2480"]
[EventDate "1993.03.09"]
[PlyCount "72"]

1.d4 Nf6 2.c4 e6 3.Nf3 Bb4+ 4.Bd2 c5 5.a3 Bxd2+ 6.Qxd2 cxd4 7.Nxd4 O-O 8.
Nc3 d5 9.e3 e5 10.Nf3 e4 11.Nd4 dxc4 12.Bxc4 Qc7 13.Be2 Rd8 14.Ncb5 Qb6 
15.Qc2 a6 16.Qc7 Qxc7 17.Nxc7 Ra7 18.Rc1 Bd7 19.O-O Rc8 20.Rc3 Kf8 21.Rfc1
Bc6 22.Nxa6 Nxa6 23.b4 Nd5 24.R3c2 Naxb4 25.axb4 Nxb4 26.Rb2 Nd3 27.Bxd3 
exd3 28.f3 Rca8 29.Rd2 Ra1 30.Rxa1 Rxa1+ 31.Kf2 Ra3 32.e4 Ba4 33.Rb2 Bc2 
34.Ke3 Ra1 35.Nxc2 dxc2 36.Rxc2 Rb1 1/2-1/2

[Event "zonal 1.2a"]
[Site "Graz AUT"]
[Date "1993.03.??"]
[Round "8"]
[White "Holzl, Franz"]
[Black "Wach, Markus"]
[Result "0-1"]
[WhiteElo "2385"]
[BlackElo "2330"]
[EventDate "1993.03.09"]
[PlyCount "92"]

1.g3 f5 2.Bg2 Nf6 3.Nf3 e6 4.O-O Be7 5.d3 O-O 6.Nc3 d6 7.e4 fxe4 8.dxe4 e5
9.Qd3 Kh8 10.h3 Qe8 11.Ne2 Nbd7 12.Ne1 Nc5 13.Qe3 Ncxe4 14.Bxe4 Bxh3 15.
Bg2 Bxg2 16.Nxg2 Ng4 17.Qd3 Qh5 18.Nh4 Bxh4 19.gxh4 Qxh4 20.Qg3 Qh5 21.f3 
Nh6 22.Qh2 Qg6+ 23.Kh1 Ng4 24.Qg2 Qh5+ 25.Kg1 Nf6 26.Bg5 h6 27.Bd2 Qf5 28.
Ng3 Qxc2 29.Rac1 Qxb2 30.Rf2 Qb6 31.Nf5 Ne8 32.Ne7 Rf7 33.Ng6+ Kh7 34.Kh1 
e4 35.Re1 d5 36.Ne5 Rf5 37.Bc3 Rh5+ 38.Kg1 Rg5 39.Ng4 h5 40.Bd2 exf3 41.
Qh2 Rxg4+ 42.Kh1 Qg6 43.Rxf3 Nf6 44.Re7 Re8 45.Rxf6 Qb1+ 46.Be1 Qxe1+ 0-1

[Event "zonal 1.2a"]
[Site "Graz AUT"]
[Date "1993.03.??"]
[Round "8"]
[White "Lutz, Christopher"]
[Black "Frick, Renato"]
[Result "1-0"]
[WhiteElo "2550"]
[BlackElo "2220"]
[EventDate "1993.03.09"]
[PlyCount "43"]

1.d4 Nf6 2.c4 g6 3.Nf3 Bg7 4.g3 O-O 5.Bg2 d6 6.O-O Nc6 7.Nc3 e5 8.h3 Ne8 
9.Bg5 f6 10.Be3 Kh8 11.c5 Qe7 12.Qc2 Bd7 13.Rfd1 Qf7 14.Qd2 Rd8 15.cxd6 
Nxd6 16.dxe5 Nc4 17.Qc1 N4xe5 18.Nxe5 fxe5 19.Ne4 Bc8 20.Rxd8 Nxd8 21.Bxa7
b6 22.Bxb6 1-0

[Event "zonal 1.2a"]
[Site "Graz AUT"]
[Date "1993.03.??"]
[Round "8"]
[White "Schlosser, Philipp"]
[Black "Gostisa, Leon"]
[Result "1/2-1/2"]
[WhiteElo "2520"]
[BlackElo "2460"]
[EventDate "1993.03.09"]
[PlyCount "49"]

1.d4 Nf6 2.Nf3 e6 3.g3 b6 4.Bg2 Bb7 5.c4 Bb4+ 6.Bd2 c5 7.O-O Bxd2 8.Qxd2 
cxd4 9.Qxd4 Nc6 10.Qh4 O-O 11.Nc3 Qe7 12.Ng5 h6 13.Nge4 Nxe4 14.Qxe7 Nxe7 
15.Nxe4 Bxe4 16.Bxe4 Rac8 17.b3 Rfd8 18.Rfd1 d5 19.cxd5 Nxd5 20.Rac1 Rxc1 
21.Rxc1 Kf8 22.Kf1 Ke7 23.Ke1 Rd7 24.Rc8 Rc7 25.Rxc7+ 1/2-1/2

[Event "zonal 1.2a"]
[Site "Graz AUT"]
[Date "1993.03.??"]
[Round "8"]
[White "Wirthensohn, Heinz"]
[Black "Lendwai, Reinhard"]
[Result "0-1"]
[WhiteElo "2400"]
[BlackElo "2410"]
[EventDate "1993.03.09"]
[PlyCount "80"]

1.Nf3 Nf6 2.c4 e6 3.Nc3 Bb4 4.g3 O-O 5.Bg2 Bxc3 6.bxc3 d6 7.d4 Qe7 8.O-O 
e5 9.c5 e4 10.cxd6 cxd6 11.Nd2 d5 12.e3 Bg4 13.Qb3 Rc8 14.Ba3 Qc7 15.Rfc1 
Nc6 16.Bf1 Be6 17.Qb1 Na5 18.Bb4 Rab8 19.Bxa5 Qxa5 20.Qb4 Qc7 21.Qa3 b5 
22.Rab1 Bd7 23.Nb3 Rb6 24.Nc5 Ng4 25.Qb3 Rh6 26.Qxd5 Bc6 27.Qf5 Nxh2 28.
Bg2 Nf3+ 29.Bxf3 exf3 30.e4 Rf6 31.Qh5 Re8 32.Re1 g6 33.Qg5 Kg7 34.e5 Rf5 
35.Qd2 Bd5 36.g4 Qc8 37.e6 Qd8 38.Ne4 Qh4 39.Ng3 Qxg4 40.Qd3 Rh5 0-1

[Event "zonal 1.2a"]
[Site "Graz AUT"]
[Date "1993.03.??"]
[Round "8"]
[White "Zuger, Beat"]
[Black "Schroll, Gerhard"]
[Result "1/2-1/2"]
[WhiteElo "2415"]
[BlackElo "2420"]
[EventDate "1993.03.09"]
[PlyCount "43"]

1.d4 Nf6 2.c4 e6 3.Nf3 b6 4.g3 Bb7 5.Bg2 Be7 6.Nc3 O-O 7.d5 Bb4 8.Bd2 exd5
9.Nxd5 Nxd5 10.cxd5 Bxd2+ 11.Qxd2 c5 12.dxc6 dxc6 13.Rd1 Na6 14.O-O c5 15.
Qc2 Nb4 16.Rxd8 Nxc2 17.Rd7 Bc6 18.Rd6 Rac8 19.e3 Nb4 20.a3 Na6 21.Rfd1 
Rfe8 22.Nh4 1/2-1/2

[Event "zonal 1.2a"]
[Site "Graz AUT"]
[Date "1993.03.??"]
[Round "9"]
[White "Frick, Renato"]
[Black "Zuger, Beat"]
[Result "1/2-1/2"]
[WhiteElo "2220"]
[BlackElo "2415"]
[EventDate "1993.03.09"]
[PlyCount "55"]

1.e4 c5 2.Nf3 e6 3.d4 cxd4 4.Nxd4 a6 5.c4 Nf6 6.Nc3 Qc7 7.Bd3 Nc6 8.Be3 
Nxd4 9.Bxd4 Bc5 10.Bxc5 Qxc5 11.O-O d6 12.Qb3 O-O 13.Na4 Qc6 14.Nb6 Rb8 
15.Rfe1 Nd7 16.Nxd7 Bxd7 17.Rad1 e5 18.Qa3 Be6 19.b3 Rfd8 20.Rc1 Rbc8 21.
Qb2 h6 22.Qd2 Qc5 23.a4 b6 24.Rcd1 Qc7 25.Qb4 Qc5 26.Qd2 Qc7 27.Qb4 Qc5 
28.Qd2 1/2-1/2

[Event "zonal 1.2a"]
[Site "Graz AUT"]
[Date "1993.03.??"]
[Round "9"]
[White "Gostisa, Leon"]
[Black "Lutz, Christopher"]
[Result "1/2-1/2"]
[WhiteElo "2460"]
[BlackElo "2550"]
[EventDate "1993.03.09"]
[PlyCount "66"]

1.d4 f5 2.g3 Nf6 3.Bg2 g6 4.c3 Bg7 5.Qb3 Nc6 6.Nf3 e6 7.O-O O-O 8.c4 Qe7 
9.Nc3 d6 10.d5 Nd8 11.dxe6 c6 12.Qc2 Bxe6 13.b3 a6 14.Bb2 Nf7 15.a4 a5 16.
Rad1 Rfe8 17.Rfe1 Ne4 18.e3 Rac8 19.Ne2 Bxb2 20.Qxb2 d5 21.cxd5 Bxd5 22.
Nf4 Nf6 23.Nxd5 Nxd5 24.Nd4 Nb4 25.Nc2 Rcd8 26.Nxb4 axb4 27.Qc2 Rxd1 28.
Rxd1 Rd8 29.Rxd8+ Qxd8 30.Qc4 Qd6 31.f4 Kf8 32.Qd4 Ke7 33.Kf2 Qxd4 1/2-1/2

[Event "zonal 1.2a"]
[Site "Graz AUT"]
[Date "1993.03.??"]
[Round "9"]
[White "Grosar, Aljosa"]
[Black "Lobron, Eric"]
[Result "1/2-1/2"]
[WhiteElo "2480"]
[BlackElo "2620"]
[EventDate "1993.03.09"]
[PlyCount "122"]

1.e4 c6 2.d4 d5 3.e5 Bf5 4.Nf3 e6 5.Be2 c5 6.O-O Nc6 7.c3 cxd4 8.cxd4 Nge7
9.Nc3 Nc8 10.Be3 Be7 11.Rc1 Nb6 12.Na4 Nxa4 13.Qxa4 O-O 14.a3 a6 15.b4 Qe8
16.Qd1 Rc8 17.Ne1 Na7 18.Nd3 Rxc1 19.Qxc1 Qc6 20.Qxc6 Nxc6 21.Rc1 Bxd3 22.
Bxd3 Ra8 23.g3 f5 24.f4 Rc8 25.Kf2 Kf7 26.Rc2 Na7 27.Rxc8 Nxc8 28.Bd2 Nb6 
29.Ke2 Nc4 30.Bxc4 dxc4 31.a4 b5 32.axb5 axb5 33.Bc3 g5 34.Kf3 gxf4 35.
gxf4 Bh4 36.Ke3 Ke7 37.Bd2 Kd7 38.Bc3 Kc6 39.Bd2 Kd5 40.Bc3 Bd8 41.Kf3 Bb6
42.Ke3 Ba7 43.Bb2 c3 44.Bxc3 Kc4 45.Ba1 h5 46.h3 Bb6 47.Bb2 Bc7 48.d5 Bb6+
49.Ke2 exd5 50.e6 Bd8 51.Bg7 Be7 52.Bh6 Bxb4 53.Bg5 d4 54.e7 Bxe7 55.Bxe7 
Kc3 56.Bd8 d3+ 57.Kd1 Kd4 58.Kd2 b4 59.h4 Ke4 60.Bc7 b3 61.Be5 Kf3 1/2-1/2

[Event "zonal 1.2a"]
[Site "Graz AUT"]
[Date "1993.03.??"]
[Round "9"]
[White "Lendwai, Reinhard"]
[Black "Bonsch, Uwe"]
[Result "0-1"]
[WhiteElo "2410"]
[BlackElo "2490"]
[EventDate "1993.03.09"]
[PlyCount "94"]

1.e4 c5 2.Nf3 Nc6 3.Bb5 e6 4.O-O Nge7 5.c3 a6 6.Ba4 c4 7.d4 cxd3 8.Qxd3 b5
9.Bc2 Ng6 10.Be3 Be7 11.Nbd2 O-O 12.Nb3 d6 13.Nbd4 Nce5 14.Nxe5 Nxe5 15.
Qe2 Bd7 16.Rad1 Qc7 17.Kh1 Rfe8 18.f4 Nc4 19.Bc1 Bf8 20.Qf2 Rad8 21.Rd3 
Bc8 22.Rg3 e5 23.fxe5 dxe5 24.Nf5 Bxf5 25.exf5 f6 26.Be4 Rd7 27.Rh3 Red8 
28.Qh4 h6 29.Qg4 Kh8 30.Qf3 Nd2 31.Bxd2 Rxd2 32.b3 Qc5 33.g4 Kg8 34.Rg3 
Rxa2 35.Rg2 Rxg2 36.Kxg2 Rd2+ 37.Kh1 Qd6 38.h4 Be7 39.c4 Qd4 40.Bd5+ Kf8 
41.Qg3 Rd3 42.Rf3 Rd1+ 43.Kh2 Bc5 44.Rc3 b4 45.Rc2 Rd3 46.Bf3 Qe3 47.Kg2 
Qg1+ 0-1

[Event "zonal 1.2a"]
[Site "Graz AUT"]
[Date "1993.03.??"]
[Round "9"]
[White "Schroll, Gerhard"]
[Black "Holzl, Franz"]
[Result "1-0"]
[WhiteElo "2420"]
[BlackElo "2385"]
[EventDate "1993.03.09"]
[PlyCount "61"]

1.d4 Nf6 2.c4 c5 3.Nf3 cxd4 4.Nxd4 Qc7 5.Nc3 e5 6.Ndb5 Qc6 7.Bg5 a6 8.Qa4 
b6 9.Na3 Be7 10.Qb3 O-O 11.Nd5 Bd8 12.e4 Nxd5 13.cxd5 Qg6 14.Bxd8 Rxd8 15.
Nc4 b5 16.Ne3 d6 17.Qc2 Ra7 18.Rc1 Bd7 19.Bd3 a5 20.O-O Na6 21.Qe2 Nc5 22.
Bxb5 Qxe4 23.Bxd7 Raxd7 24.Rc4 Qd3 25.Qg4 Qg6 26.Qh3 Rb7 27.Rg4 Qd3 28.Rg3
Ne4 29.Rxg7+ Kf8 30.Qxh7 Nxf2 31.Nf5 1-0

[Event "zonal 1.2a"]
[Site "Graz AUT"]
[Date "1993.03.??"]
[Round "9"]
[White "Wach, Markus"]
[Black "Wirthensohn, Heinz"]
[Result "1/2-1/2"]
[WhiteElo "2330"]
[BlackElo "2400"]
[EventDate "1993.03.09"]
[PlyCount "23"]

1.d4 Nf6 2.Nf3 e6 3.Bg5 c5 4.c3 cxd4 5.cxd4 Qa5+ 6.Bd2 Qb6 7.Qc2 Nc6 8.e3 
d5 9.Be2 Be7 10.O-O O-O 11.Nc3 Bd7 12.Rfc1 1/2-1/2

[Event "zonal 1.2a"]
[Site "Graz AUT"]
[Date "1993.03.??"]
[Round "10"]
[White "Holzl, Franz"]
[Black "Frick, Renato"]
[Result "1-0"]
[WhiteElo "2385"]
[BlackElo "2220"]
[EventDate "1993.03.09"]
[PlyCount "76"]

1.g3 g6 2.Bg2 Bg7 3.d4 Nf6 4.e4 d6 5.Ne2 O-O 6.O-O c6 7.Nbc3 e5 8.a4 Na6 
9.h3 Re8 10.Be3 Bd7 11.g4 h5 12.f3 Nb4 13.a5 hxg4 14.hxg4 Bxg4 15.dxe5 
Rxe5 16.Ra4 Nxc2 17.Qxc2 Bd7 18.a6 b5 19.Rd4 Ne8 20.Qd2 Rh5 21.Ng3 Rh7 22.
Nce2 Qc8 23.Ra1 Bh3 24.Bh1 c5 25.Rd3 Be6 26.Bf4 Bc4 27.Rc3 Qh3 28.Bg2 Qe6 
29.Rac1 Bxc3 30.Qxc3 Nc7 31.Rd1 Rd8 32.Bg5 b4 33.Qc1 f6 34.Nf4 Qf7 35.Bxf6
Rd7 36.e5 Bxa6 37.Ne4 d5 38.Nxc5 Bc4 1-0

[Event "zonal 1.2a"]
[Site "Graz AUT"]
[Date "1993.03.??"]
[Round "10"]
[White "Lau, Ralf"]
[Black "Grosar, Aljosa"]
[Result "1/2-1/2"]
[WhiteElo "2530"]
[BlackElo "2480"]
[EventDate "1993.03.09"]
[PlyCount "124"]

1.e4 c5 2.Nf3 d6 3.d4 cxd4 4.Nxd4 Nf6 5.Nc3 Nc6 6.Bg5 e6 7.Qd2 a6 8.O-O-O 
Bd7 9.f4 b5 10.Bxf6 gxf6 11.Kb1 Qb6 12.Nxc6 Bxc6 13.Qe1 O-O-O 14.Bd3 h5 
15.Qh4 Be7 16.Rhe1 Rde8 17.Qh3 Kb8 18.f5 b4 19.Ne2 e5 20.Nc1 a5 21.Bc4 Rh7
22.Bd5 Ba4 23.Nb3 Rc8 24.Rc1 Bf8 25.c4 Bh6 26.Rc2 Bg5 27.Qf3 h4 28.Rce2 
Bxb3 29.Qxb3 Qc5 30.a3 Kc7 31.axb4 axb4 32.Qa4 Kd8 33.Rd1 Ke7 34.Qb5 Rhh8 
35.Qxc5 dxc5 36.Rd3 Bf4 37.Rh3 Bg5 38.Kc2 Rb8 39.Re1 Rbc8 40.Ra1 Rc7 41.
Kd3 Rg8 42.Ke2 Kf8 43.g3 Rh8 44.gxh4 Rxh4 45.Rxh4 Bxh4 46.Ra6 Kg7 47.Kd3 
Bf2 48.Kc2 Bg1 49.h3 Bf2 50.Kb3 Bd4 51.h4 Re7 52.Ra8 Rc7 53.Ra6 Re7 54.Ra8
Rc7 55.Kc2 Bf2 56.h5 Be3 57.Kb3 Bd4 58.Ka2 Be3 59.Ra6 Bf2 60.Kb3 Bd4 61.
Ra8 Re7 62.Ra6 Rc7 1/2-1/2

[Event "zonal 1.2a"]
[Site "Graz AUT"]
[Date "1993.03.??"]
[Round "10"]
[White "Lobron, Eric"]
[Black "Lendwai, Reinhard"]
[Result "1-0"]
[WhiteElo "2620"]
[BlackElo "2410"]
[EventDate "1993.03.09"]
[PlyCount "77"]

1.d4 Nf6 2.Nf3 e6 3.e3 b6 4.Bd3 Bb7 5.O-O c5 6.c4 a6 7.Nc3 cxd4 8.exd4 d5 
9.cxd5 Nxd5 10.Qe2 Nc6 11.Rd1 Be7 12.Be4 O-O 13.Bxd5 exd5 14.Bf4 Re8 15.
Qd3 Qd7 16.Rac1 Rac8 17.h3 h6 18.a3 Na5 19.Ne5 Qe6 20.Re1 Qf6 21.Bg3 Nc4 
22.Nxd5 Bxd5 23.Nxc4 Qc6 24.Ne3 Qxc1 25.Rxc1 Rxc1+ 26.Kh2 Bb7 27.Be5 Bg5 
28.Nf5 Re6 29.h4 Bf6 30.Bxf6 Rxf6 31.Qe3 Rxf5 32.Qxc1 Rxf2 33.Qc7 Rxg2+ 
34.Kh3 Be4 35.Qe5 f5 36.d5 Rd2 37.d6 Bc6 38.Qe6+ Kf8 39.Qxf5+ 1-0

[Event "zonal 1.2a"]
[Site "Graz AUT"]
[Date "1993.03.??"]
[Round "10"]
[White "Schlosser, Philipp"]
[Black "Lutz, Christopher"]
[Result "1-0"]
[WhiteElo "2520"]
[BlackElo "2550"]
[EventDate "1993.03.09"]
[PlyCount "81"]

1.d4 f5 2.g3 Nf6 3.Bg2 g6 4.Nf3 Bg7 5.O-O O-O 6.c4 d6 7.Nc3 Qe8 8.d5 Na6 
9.Rb1 c5 10.dxc6 bxc6 11.b4 Bb7 12.Nd4 Qc8 13.c5 e5 14.Nb3 d5 15.Na5 Nc7 
16.Qa4 Ne6 17.b5 Nxc5 18.Qc2 Ne6 19.bxc6 Bxc6 20.Ba3 Rd8 21.Rfc1 Nd4 22.
Qd1 Qa6 23.Nxc6 Nxc6 24.Bc5 e4 25.Nb5 Ne8 26.e3 Ne5 27.Nd4 Nc4 28.Bf1 Rac8
29.Nb3 Qe6 30.Bxa7 Ra8 31.Bd4 Ne5 32.Bxe5 Qxe5 33.Nd4 Rd6 34.a4 g5 35.a5 
f4 36.a6 fxe3 37.fxe3 Qf6 38.Rb7 Rb6 39.Nc6 Rb2 40.Qxd5+ Kh8 41.Rxb2 1-0

[Event "zonal 1.2a"]
[Site "Graz AUT"]
[Date "1993.03.??"]
[Round "10"]
[White "Wirthensohn, Heinz"]
[Black "Schroll, Gerhard"]
[Result "1-0"]
[WhiteElo "2400"]
[BlackElo "2420"]
[EventDate "1993.03.09"]
[PlyCount "98"]

1.d4 Nf6 2.Nf3 e6 3.g3 c5 4.Bg2 b5 5.O-O d5 6.c3 Nc6 7.Bg5 Qb6 8.Nbd2 cxd4
9.cxd4 Bb7 10.Bxf6 gxf6 11.Nb3 Na5 12.Nxa5 Qxa5 13.Nd2 Qb6 14.Nb3 Rc8 15.
Qd2 Bd6 16.Rfc1 Ke7 17.e3 b4 18.Bf1 a5 19.Rxc8 Rxc8 20.Rc1 a4 21.Nc5 Bxc5 
22.dxc5 Rxc5 23.Qd4 Rc6 24.Rxc6 Qxd4 25.Rxe6+ fxe6 26.exd4 e5 27.a3 bxa3 
28.bxa3 Bc6 29.f3 Kd6 30.Kf2 exd4 31.Bd3 h6 32.g4 Ke5 33.Kg3 Be8 34.h4 Bf7
35.h5 f5 36.f4+ Kf6 37.Bxf5 Bxh5 38.Bd7 Bf7 39.Bxa4 d3 40.Kf3 h5 41.gxh5 
Bxh5+ 42.Ke3 Bf7 43.Bd7 Ke7 44.Bf5 Kd6 45.Bxd3 Kc5 46.f5 Be8 47.f6 Bf7 48.
Be2 Bg8 49.Kf4 d4 1-0